Countries with Brown Bears - Statistics

General Stats
  • This quiz has been taken 133 times
    107 since last reset
  • The average score is 41 of 48
Answer Stats
Answer Subspecies % Correct
Russia U. arctos arctos, U. arctos beringianus, U. arctos collaris, U. arctos lasiotus
100%
United States U. arctos horribilis, U. arctos middendorffi, U. arctos sitkensis
100%
Canada U. arctos horribilis
99%
China U. arctos isabellinus, U. arctos collaris, U. arctos lasiotus
99%
India U. arctos isabellinus
96%
Sweden U. arctos arctos
96%
Norway U. arctos arctos
94%
Finland U. arctos arctos
91%
France U. arctos arctos
91%
Kazakhstan U. arctos arctos, U. arctos isabellinus, U. arctos collaris
91%
Turkey U. arctos arctos, U. arctos syriacus
90%
Ukraine U. arctos arctos
90%
Iran U. arctos syriacus
88%
Mongolia U. arctos collaris
88%
Pakistan U. arctos isabellinus, U. arctos syriacus
88%
Poland U. arctos arctos
88%
Uzbekistan U. arctos isabellinus
88%
Greece U. arctos arctos
87%
Italy U. arctos arctos
87%
Latvia U. arctos arctos
87%
Romania U. arctos arctos
87%
Spain U. arctos arctos
87%
Tajikistan U. arctos isabellinus
87%
Afghanistan U. arctos isabellinus
85%
Azerbaijan U. arctos syriacus
85%
Iraq U. arctos syriacus
85%
North Korea U. arctos lasiotus
85%
Turkmenistan U. arctos syriacus
85%
Austria U. arctos arctos
84%
Estonia U. arctos arctos
84%
Armenia U. arctos syriacus
82%
Bulgaria U. arctos arctos
82%
Croatia U. arctos arctos
82%
Nepal U. arctos isabellinus
82%
Slovakia U. arctos arctos
82%
Switzerland U. arctos arctos
82%
Japan U. arctos lasiotus
81%
Kyrgyzstan U. arctos isabellinus
81%
Serbia U. arctos arctos
81%
Slovenia U. arctos arctos
79%
Albania U. arctos arctos
78%
Bhutan U. arctos isabellinus
78%
Bosnia and Herzegovina U. arctos arctos
76%
Georgia U. arctos syriacus
76%
Kosovo U. arctos arctos
66%
Andorra U. arctos arctos
65%
Montenegro U. arctos arctos
63%
Macedonia U. arctos arctos
57%
No matching quizzes found
Score Distribution
Percent of People with Each Score
Percentile by Number Answered
Your Score History
You have not taken this quiz since the last reset